00499nam a22001577a 4500020001800000040000900018082001500027100003500042245003600077260004300113300000900156650004200165942001200207999001900219952010300238 a9789693516531 cNUST a910.4bMAS aMaskeen Ali Hijazi, Dr 981001 aDollar Kay Dais Main; Safarnama aLAHOREbSang-E-Meel Publicationsc2005 b148P 2Urdu Literature-Travelogue. Safarnama 2ddccBK c585874d585874 00102ddc4070aCEMEbCEMEcGENd2021-07-12l0o910.4 MASpCEME-50126r2021-07-12w2021-07-12yBK